| 000 | 01650cam a22003011i 4500 | ||
|---|---|---|---|
| 003 | SA-RiAUC | ||
| 005 | 20251019142502.0 | ||
| 008 | 250822s1984 su g 000r0 ara c | ||
| 040 |
_aSA-MaMIU _bara _cSA-RiAUC _erda |
||
| 050 | 4 | _b.S26 1984 | |
| 082 | 0 | 4 | _a243 |
| 082 | 0 | 4 |
_a243 _bص م ج _qSA-RiAUC |
| 100 | 1 |
_aالصنعاني، محمد بن إسماعيل بن صلاح، _d1099-1182 هجري _eمؤلف. |
|
| 245 | 1 | 0 |
_aجمع الشتيت في شرح أبيات التثبيت ؛ _bويليه تأنيس الغريب وبشرى الكئيب بلقاء الحبيب / _cمحمد بن إسماعيل الأمير الصنعاني ؛ أشرف على تصحيحه حسن محمد المشاط. |
| 250 | _aالطبعةالاولى. | ||
| 264 | 1 |
_aمكة المكرمة : _bدار الثقافة ، _c[1981] |
|
| 300 |
_a190 صفحة ؛ _c24 × 15 سم |
||
| 336 |
_aنص _btxt _2rdacontent _3كتاب |
||
| 337 |
_aبدون وسيط _bn _2rdamedia |
||
| 338 |
_aمجلد _bnc _2rdacarrier |
||
| 650 | 7 |
_aيوم القيامة _2aucsh |
|
| 650 | 7 |
_aسؤال القبر وعذابه (إسلام) _2aucsh |
|
| 700 | 1 |
_aالمشاط، حسن بن محمد، _d1319-1399 هجري _eمشرف. |
|
| 700 | 1 | 2 |
_iشرح لـ : _aالجلال السيوطي، عبد الرحمن بن أبي بكر بن محمد، _d849-911 هجري. _tأبيات التثبيت |
| 700 | 1 | 2 |
_iشرح لـ : _aالجلال السيوطي، عبد الرحمن بن أبي بكر بن محمد، _d849-911 هجري. _tتأنيس الغريب وبشرى الكئيب بلقاء الحبيب |
| 942 |
_2ddc _cBOOK _n0 |
||
| 949 |
_aSA-JeALM _d250822 _umohamedma123 _n1 |
||
| 999 |
_c12609 _d12609 |
||